Thermodynamic modeling and materials data engineering
Αποθηκεύτηκε σε:
| Άλλοι συγγραφείς: | , , |
|---|---|
| Μορφή: | Βιβλίο |
| Γλώσσα: | English |
| Δημοσίευση: |
Berlin :
Springer,
c1998
|
| Σειρά: | Data and knowledge in a changing world
|
| Θέματα: | |
| Ετικέτες: |
Προσθήκη ετικέτας
Δεν υπάρχουν, Καταχωρήστε ετικέτα πρώτοι!
|
MARC
| LEADER | 00000nam a2200000 i 4500 | ||
|---|---|---|---|
| 001 | 1/15904 | ||
| 008 | 010122s1998 eng d | ||
| 020 | |a 3-540-64445-8 | ||
| 035 | |l 10065584 | ||
| 040 | |a GR-MY-UA |b gre |e aacr | ||
| 041 | 0 | |a eng | |
| 082 | 0 | |a 620.110113 |2 (21) | |
| 245 | 1 | 0 | |a Thermodynamic modeling and materials data engineering / |c J.-P.Caliste, A.Truyol, J.H.Westbrook (Eds.) |
| 260 | |a Berlin : |b Springer, |c c1998 | ||
| 300 | |a x, 395 σ.; |b εικ.; |c 24 εικ. | ||
| 490 | 1 | |a Data and knowledge in a changing world | |
| 500 | |a "With 150 figures and 48 tables" | ||
| 504 | |a Περιλαμβάνει βιβλιογραφίες και ευρετήρια. | ||
| 650 | 0 | 0 | |a Materials science |x Computer simulation. |
| 650 | 0 | 0 | |a Thermodynamics. |
| 700 | 1 | |a Caliste, J.-P. |d 1947- |4 edt | |
| 700 | 1 | |a Truyol, A. |d 1932- |4 edt | |
| 700 | 1 | |a Westbrook, J. H. (Jack Hall) |d 1924- |4 edt | |
| 830 | 0 | |a Data and knowledge in a changing world | |
| 852 | |a INST |b SYROS |e 20010122 |h 620.110113 THE |p 005500001557 |q 005500001557 |t BK |y 0 | ||
| 901 | |a BIBL5-2001-1 | ||
| 909 | |a Ε |b 084357 | ||
| 922 | |a 5ΕΛΗ |b 200012 |c ΓΡΑΦΙΚΩΝ ΤΕΧΝΩΝ |d ΜΙΧΑΛΟΠΟΥΛΟΣ | ||
| 950 | |a 183-2000-12-08 | ||
| 970 | |a ΚΟΝΤΟΥ |b ΠΑΡΑΣΚΕΥΗ |z 2001/02/14 | ||